000 00587nam a2200181Ia 4500
008 240729s9999 xx 000 0 und d
022 _a2155-3874
245 0 _aHuman-Wildlife Interactions
260 _aUnited States
260 _bUtah State University
650 _a Environmental sciences | Science
650 _a General. Including nature conservation, geographical distribution
650 _a Natural history (General)
650 _aGeography. Anthropology. Recreation
856 _uhttps://doaj.org/toc/9135cb8e420946e3a66cfdf74dd15f08
942 _2ddc
942 _cDOAJEJ
999 _c70148
_d70148
945 _a1
_bMadushi Gamage
_c1
_dMadushi Gamage